000 00748nam a2200229Ia 4500
003 OSt
005 20220923213257.0
006 a|||||r|||| 00| 0
007 ta
008 220922b |||||||| |||| 00| 0 hin d
024 _a160,366
037 _cTextual
040 _aARTS
_cARTS
_bhin
041 _2hin
_ahin
082 _aO152:1:9N5, K5
100 _aचौहान, रामगोपालसिंह
245 0 _aस्वातन्त्रयोतर हिन्दी काव्य
_b सन् 1947-1962
246 _aSvātantrayotar hindī kāvya: san 1947-1962
260 _c1965
942 _hO152:1:9N5, K5
_cTEXL
_2CC
999 _c315113
_d315113